LEADER 01083nam0-22003371i-450 001 990001805430403321 005 20190529131431.0 035 $a000180543 035 $aFED01000180543 035 $a(Aleph)000180543FED01 035 $a000180543 100 $a20030910d1980----km-y0itay50------ba 101 0 $aita 200 1 $aAttitudine delle ciliegie dolci alla raccolta meccanica per il consumo fresco$edifferenze varietali$fE. Baldini, G.Bargioni, G. Costa, O. Miseocchi. 210 $aVerona$c...$d1980. 215 $ap. 11595-11598$d30 cm 300 $aEstr. da: L'Informatore agrario, 36,1980. 610 0 $aMeccanizzazione agricola 610 0 $aCiliege 676 $a631.3 702 1$aBaldini,$bEnrico$f<1925- > 702 1$aBargioni,$bGiorgio 702 1$aCosta,$bG. 702 1$aMiserocchi,$bO. 801 0$aIT$bUNINA$gRICA$2UNIMARC 901 $aLG 912 $a990001805430403321 952 $a60 OP. 140/1$b6334$fFAGBC 959 $aFAGBC 996 $aATTITUDINE delle ciliegie dolci alla raccolta meccanica per il consumo fresco$9410022 997 $aUNINA LEADER 02090nam 2200457Ia 450 001 996393214603316 005 20200824132716.0 035 $a(CKB)3360000000358529 035 $a(EEBO)2264211534 035 $a(OCoLC)ocm13017017_199586e 035 $a(OCoLC)13017017_199586 035 $a(EXLCZ)993360000000358529 100 $a19860114d1653 uy | 101 0 $aeng 135 $aurbn||||a|bb| 200 10$aTwo mites, or, A gratefull acknowledgement of God's singular goodnesse$b[electronic resource] $ein two sermons preached by Nath. Hardy, Master of Arts, and minister of the Gospel, in S. Dionis Back-Church, Aug. 7 and 14, 1653, occasioned by his late unexpected recovery of a desperate sickness 210 $aLondon $cPrinted by J.G. for Nath. Web and Will. Grantham ...$d1653 215 $a[6], 38; [4], 52 p 300 $aEach sermon has separate t.p. "Thankfulness in grain" lacking in filmed copy. "Mercy in her beauty" appears on reel 495:25 and 741:10 and is catalogued separately. General t.p. appears on reel 741 only. 300 $aMarginal notes. 300 $aReproduction of original in Union Theological Seminary Library, New York. 327 $aMercy in her beauty, or, The height of a deliverance from the depth of danger, set forth in the first sermon preached upon that occasion ... 1653 -- Thankfulness in grain, or, A good life the best return ... Printed by T.W. for Nath. Webb and Will Grantham, 1654. 330 $aeebo-0160 606 $aGod$xGoodness$vSermons 606 $aGod$xGoodness$vEarly works to 1800 606 $aSermons, English$y17th century 615 0$aGod$xGoodness 615 0$aGod$xGoodness 615 0$aSermons, English 700 $aHardy$b Nathaniel$f1618-1670.$0821523 701 2$aHardy$b Nathaniel$f1618-1670.$0821523 801 0$bEAA 801 1$bEAA 801 2$bm/c 801 2$bEAA 801 2$bUMI 801 2$bWaOLN 906 $aBOOK 912 $a996393214603316 996 $aTwo mites, or, A gratefull acknowledgement of God's singular goodnesse$92341690 997 $aUNISA